Hình tượng và tạo hình trong văn hóa dân gian Việt Nam

TM tài liệu tham khảo tr. 408 - 411; Những hình tượng nghệ thuật tiêu biểu trong văn hóa truyền thống Việt Nam (câu đố, tam đa, tứ linh, tứ quý...); cây tre trong văn hóa dân gian truyền thống (cây tre và họ hàng nhà tre, cây tre trong thể loại tự...

Deskribapen osoa

Gorde:
Xehetasun bibliografikoak
Egile nagusia: Đinh, Hồng Hải
Beste egile batzuk: Trần, Gia Linh
Formatua: Liburua
Hizkuntza:Undetermined
Argitaratua: H. Văn hóa dân tộc 2012
Gaiak:
Sarrera elektronikoa:http://lrc.tdmu.edu.vn/opac/search/detail.asp?aID=2&ID=19613
Etiketak: Etiketa erantsi
Etiketarik gabe, Izan zaitez lehena erregistro honi etiketa jartzen!
Thư viện lưu trữ: Trung tâm Học liệu Trường Đại học Thủ Dầu Một
LEADER 01548nam a2200217Ia 4500
001 TDMU_19613
008 210410s9999 xx 000 0 und d
082 |a 398.09597 
090 |b Đ312 
100 |a Đinh, Hồng Hải 
245 0 |a Hình tượng và tạo hình trong văn hóa dân gian Việt Nam 
245 0 |c Đinh Hồng Hải, Trần Gia Linh, Lê Cường 
260 |a H. 
260 |b Văn hóa dân tộc 
260 |c 2012 
300 |a 416tr. 
520 |a TM tài liệu tham khảo tr. 408 - 411; Những hình tượng nghệ thuật tiêu biểu trong văn hóa truyền thống Việt Nam (câu đố, tam đa, tứ linh, tứ quý...); cây tre trong văn hóa dân gian truyền thống (cây tre và họ hàng nhà tre, cây tre trong thể loại tự sự dân gian, trong ngạn ngữ, phương ngôn, câu đố, thơ...); hình tượng thờ trong di tích (điêu khắc truyền thống, tượng người thờ, phù điêu con người...) 
650 |a Văn hóa dân gian  |x Nghiên cứu  |x Hình thượng và tạo hình  |z Việt Nam; Nghiên cứu văn hóa  |x Hình thượng và tạo hình  |z Việt Nam; Việt Nam  |x Văn hóa  |x Nghiên cứu  |x Hình thượng và tạo hình 
700 |a Trần, Gia Linh 
856 |u http://lrc.tdmu.edu.vn/opac/search/detail.asp?aID=2&ID=19613 
980 |a Trung tâm Học liệu Trường Đại học Thủ Dầu Một